| 000 | 02196cam a22004218i 4500 | ||
|---|---|---|---|
| 005 | 20260322212012.0 | ||
| 008 | data | ||
| 010 | _a 2013038951 | ||
| 020 | _a9781592539086 (pbk.) | ||
| 020 | _a1592539084 | ||
| 040 |
_aDLC _beng _cDLC _erda |
||
| 042 | _apcc | ||
| 050 | 0 | 0 |
_aTT870 _b.H51735 2014 |
| 082 | 0 | 0 |
_a745.54 _223 |
| 084 |
_aART028000 _aCRA046000 _aART028000 _2bisacsh |
||
| 092 | _a745.54 H51735 2014 | ||
| 100 | 1 |
_aHiebert, Helen, _d1965- |
|
| 245 | 1 | 0 |
_aPlaying with pop-ups : _bthe art of dimensional, moving paper designs / _cHelen Hiebert. |
| 260 |
_aBeverly, Massachusetts : _bQuarry Books, _c2014. |
||
| 263 | _a1405 | ||
| 264 | 1 |
_aBeverly, Massachusetts : _bQuarry Books, _c2014. |
|
| 300 | _apages cm | ||
| 336 |
_atext _2rdacontent |
||
| 337 |
_aunmediated _2rdamedia |
||
| 338 |
_avolume _2rdacarrier |
||
| 505 | 0 | _aGetting started : cut, score, fold, pop! -- Projects to play with : artistic ideas for popping, engineering, and moving paper -- Gallery : discovering new realms by turning the page. | |
| 520 |
_a"Enter the enchanting world of pop-ups and handmade paper crafts. Join author Helen Hiebert as she guides you through materials, tools and pop-up basics including parallel folds, angle folds, combinations and variations, and layered pop-ups. Enjoy creating 20 projects to play with ranging from cards and books to buildings, graphic design pieces, and more. Featuring a high-end gallery of artists, whose beautiful work will inspire you to make your own amazing paper art, Playing with Pop-Ups will teach you to create interactive pieces that everyone will enjoy"-- _cProvided by publisher. |
||
| 650 | 0 | _aPaper work. | |
| 650 | 0 | _aCut-out craft. | |
| 650 | 7 |
_aCRAFTS & HOBBIES / Papercrafts. _2bisacsh |
|
| 650 | 7 |
_aCRAFTS & HOBBIES / Book Printing & Binding. _2bisacsh |
|
| 650 | 7 |
_aART / Techniques / General. _2bisacsh |
|
| 906 |
_a7 _bcbc _corignew _d1 _eecip _f20 _gy-gencatlg |
||
| 925 | 0 |
_aacquire _b2 shelf copies _xpolicy default |
|
| 955 | _wxl05 2013-09-26 | ||
| 963 | _aBetsy Gammons; phone: 978-282-3517; fax: 978-283-2742; email: [email protected]; bc: [email protected] | ||
| 001 | data | ||
| 999 |
_c251 _d251 |
||